00734 2200241 4500001002100000005001700021008004100038020002200079035002500101040001200126082002000138084002000158090002000178100001800198245010600216260002700322300003400349500003100383650002100414700002400435850001200459990002100471INLIS00000000000106320141209101423.0  a978-979-29-4075-6 a0010-121400000000146 aYOPDYOG aDEP 001.4 Bud M aDEP 001.4 Bud M aDEP 001.4 Bud M aBUDI SETIAWAN aMenganalisa statistik bisnis dan ekonomi dengan SPSS 21c/ Budi Setiawan ; editor, Th. Arie Prabawati aYogyakartabAndic2013 ax, 282 hlm.b: ilus. ;c23 cm aBibliografi : hlm. 280-281 aMetode statistik aArie Prabawati, Th. aYOPDYOG aCB-D.112013-1061